[Event "4NCL 2012-13"]
[Site "Staverton ENG"]
[Date "2013.02.24"]
[Round "6.137"]
[White "Povah, Nigel E"]
[Black "Spencer, Carl J"]
[Result "0-1"]
[WhiteTitle "IM"]
[WhiteElo "2302"]
[BlackElo "2205"]
[WhiteTeam "Guildford"]
[BlackTeam "Cambridge University"]
[WhiteFideId "400467"]
[BlackFideId "412171"]
[EventDate "2012.11.03"]

1. d4 Nf6 2. Nf3 e6 3. e3 b6 4. Bd3 Bb7 5. O-O c5 6. b3 Be7 7. Bb2 O-O 8. c4 d6
9. Nc3 Nbd7 10. Qe2 Re8 11. Rfd1 a6 12. Rac1 Bf8 13. Bb1 Qc7 14. e4 cxd4 15.
Nxd4 Nc5 16. Re1 Ncd7 17. Kh1 g6 18. Rcd1 Rad8 19. h3 Bg7 20. Qe3 d5 21. e5 Nh5
22. g4 dxc4+ 23. Be4 Nxe5 24. gxh5 Nd3 25. Rxd3 cxd3 26. Nd1 Bxe4+ 27. Qxe4 d2
28. Rg1 Qc5 29. Nf3 Bxb2 30. Nxb2 Qxh5 31. Kh2 Qc5 32. Nd1 Qd5 33. Qe3 Qd6+ 34.
Rg3 e5 35. Qh6 Qf8 36. Qe3 e4 37. Nxd2 f5 38. Qc3 Qd6 39. Qc4+ Kh8 40. Qc3+ Qd4
41. Nc4 b5 42. Na5 Qxc3 43. Nxc3 Rd2 44. Kg1 Rc8 45. Kg2 b4 46. Nxe4 fxe4 47.
Re3 Rxa2 48. Nc4 Rf8 49. Rxe4 Raxf2+ 50. Kg3 R2f3+ 51. Kg4 Rxb3 52. h4 Rc3 53.
Nd6 Rc6 54. Nc4 Rxc4 55. Rxc4 Rb8 0-1

[Event "4NCL 2012-13"]
[Site "Staverton ENG"]
[Date "2013.02.24"]
[Round "6.138"]
[White "Chevannes, Sabrina L"]
[Black "Granat, Russell G"]
[Result "0-1"]
[WhiteTitle "WFM"]
[WhiteElo "2083"]
[BlackElo "2218"]
[WhiteTeam "Cambridge University"]
[BlackTeam "Guildford"]
[WhiteFideId "411280"]
[BlackFideId "401714"]
[EventDate "2012.11.03"]

1. d4 d5 2. Nf3 Bf5 3. c4 e6 4. Nc3 Nc6 5. cxd5 exd5 6. Bf4 Nf6 7. e3 Ne4 8. Bd3
Be7 9. O-O g5 10. Bg3 h5 11. Nb5 Rc8 12. Qb3 Be6 13. Rfc1 Nxg3 14. hxg3 h4 15.
Nc3 hxg3 16. fxg3 g4 17. Nh2 Bg5 18. Nf1 Ne7 19. Qxb7 Kf8 20. Qxa7 Kg7 21. Qc5
Rh5 22. Ne2 Nf5 23. Nf4 Bxf4 24. exf4 Qf6 25. Bxf5 Qxf5 26. Qc3 Qh7 27. Kf2 Bf5
28. Ne3 Be4 29. Qc6 Bxg2 30. Qd7 Bh3 31. f5 Rf8 32. Rg1 Qh6 33. Qxc7 Kh7 34. a4
Rxf5+ 35. Ke2 Re8 36. Ra3 Rf3 37. Qc2+ Kg8 38. Qd2 Qa6+ 39. Kd1 Qf6 40. Re1 Rf2
41. Qc3 Qf3+ 42. Kc1 Qxg3 43. a5 Qb8 44. Kb1 g3 45. a6 Re7 46. Rb3 Qd6 47. Qa5
Ra7 48. Rb6 Qd7 49. Nxd5 Bf5+ 50. Ka1 Be6 51. Rb8+ Kg7 52. Nb4 Rf5 53. d5 g2 54.
Qc5 Rf1 55. Qc3+ f6 56. Qg3+ Bg4 57. Qh4 Rxa6+ 58. Nxa6 Qa4+ 59. Kb1 Bf5+ 0-1

[Event "4NCL 2012-13"]
[Site "Staverton ENG"]
[Date "2013.02.24"]
[Round "6.141"]
[White "Rendle, Thomas E"]
[Black "Holland, James P"]
[Result "1/2-1/2"]
[WhiteTitle "IM"]
[WhiteElo "2381"]
[BlackElo "2245"]
[WhiteTeam "Sambuca Sharks & Sons of Anarchy"]
[BlackTeam "BCM"]
[WhiteFideId "408760"]
[BlackFideId "416835"]
[EventDate "2012.11.03"]

1. e4 e5 2. Nf3 Nc6 3. Bb5 Nf6 4. O-O Nxe4 5. Re1 Nd6 6. Nxe5 Be7 7. Bf1 Nxe5 8.
Rxe5 O-O 9. d4 Bf6 10. Re1 Nf5 11. c3 d5 12. Bd3 c6 13. Na3 Be7 14. Qh5 g6 15.
Qf3 Bd6 16. g3 Be6 17. Nc2 Re8 18. Bf4 Bxf4 19. Qxf4 Kg7 20. Ne3 Nxe3 21. Rxe3
Qf6 22. Qxf6+ Kxf6 23. Rae1 Bd7 24. f4 Rxe3 25. Rxe3 Re8 26. Re5 Kg7 27. Rxe8
Bxe8 28. g4 Bd7 29. g5 Bf5 30. Bxf5 gxf5 31. Kf2 Kg6 32. Kg3 f6 33. gxf6 1/2-1/2

[Event "4NCL 2012-13"]
[Site "Staverton ENG"]
[Date "2013.02.24"]
[Round "6.142"]
[White "Wadsworth, Matthew J"]
[Black "Roberson, Peter T"]
[Result "0-1"]
[BlackTitle "FM"]
[WhiteElo "2055"]
[BlackElo "2357"]
[WhiteTeam "BCM"]
[BlackTeam "Sambuca Sharks & Sons of Anarchy"]
[WhiteFideId "415804"]
[BlackFideId "412384"]
[EventDate "2012.11.03"]

1. g3 e5 2. c4 c6 3. d4 exd4 4. Qxd4 Na6 5. Bg2 Nf6 6. Nf3 Bc5 7. Qe5+ Be7 8.
O-O O-O 9. Qd4 d5 10. cxd5 Nxd5 11. e4 Ndb4 12. Qxd8 Rxd8 13. Nc3 Nd3 14. Ne1
Nxc1 15. Rxc1 Be6 16. b3 Nb4 17. f4 f6 18. Nf3 Bc5+ 19. Kh1 Be3 20. Rce1 Bd2 21.
Nxd2 Rxd2 22. f5 Bf7 23. Rd1 Rad8 24. Bf3 Kf8 25. Be2 Ke7 26. a3 Na2 27. Nxa2
Rxa2 28. Bf3 Rxd1 29. Rxd1 Rxa3 30. Bg2 Rxb3 31. h3 Rxg3 32. Ra1 a6 33. Rb1 Rb3 0-1

[Event "4NCL 2012-13"]
[Site "Staverton ENG"]
[Date "2013.02.24"]
[Round "6.143"]
[White "Williams, Samuel G"]
[Black "Coates, Kenneth G"]
[Result "1-0"]
[WhiteElo "2253"]
[BlackElo "2184"]
[WhiteTeam "Sambuca Sharks & Sons of Anarchy"]
[BlackTeam "BCM"]
[WhiteFideId "410977"]
[BlackFideId "409391"]
[EventDate "2012.11.03"]

1. d4 d5 2. c4 c6 3. Nf3 Nf6 4. Nc3 dxc4 5. a4 Bf5 6. e3 e6 7. Bxc4 Bb4 8. Ne5
Nbd7 9. Nxd7 Qxd7 10. O-O O-O 11. f3 Rad8 12. Qb3 Ba5 13. Rd1 Bg6 14. e4 Bb6 15.
e5 Bxd4+ 16. Kh1 Nh5 17. Ne2 c5 18. Be3 Qe7 19. Nxd4 cxd4 20. Rxd4 Rxd4 21. Bxd4
b6 22. Qe3 Rd8 23. g4 Qh4 24. Bc3 Ng3+ 25. Kg2 Ne4 26. Be1 Qg5 27. Qxg5 Nxg5 28.
h4 h5 29. gxh5 Nxf3 30. hxg6 Nxe5 31. gxf7+ Kxf7 32. Be2 Rd4 33. a5 Re4 34. Kf1
Kf6 35. axb6 axb6 36. Ra6 b5 37. Bxb5 Nf3 38. Bc3+ Ke7 39. Bc6 Nh2+ 40. Kg2 Rxh4
41. Kg3 Rh5 42. Bg2 1-0

[Event "4NCL 2012-13"]
[Site "Staverton ENG"]
[Date "2013.02.24"]
[Round "6.144"]
[White "Hansen, Hans-Peter"]
[Black "Sreeves, Clement"]
[Result "1/2-1/2"]
[WhiteElo "2207"]
[BlackElo "2223"]
[WhiteTeam "BCM"]
[BlackTeam "Sambuca Sharks & Sons of Anarchy"]
[WhiteFideId "1503502"]
[BlackFideId "2402564"]
[EventDate "2012.11.03"]

1. c4 Nf6 2. Nc3 g6 3. g3 Bg7 4. Bg2 O-O 5. e4 c5 6. Nge2 Nc6 7. O-O Ne8 8. d3
Nc7 9. Be3 Ne6 10. Qd2 Ned4 11. Bh6 Bxh6 12. Qxh6 Ne5 13. Rad1 Ndf3+ 14. Bxf3
Nxf3+ 15. Kg2 Ne5 16. Qe3 d6 17. h3 Qd7 18. Ng1 b6 19. f4 Nc6 20. f5 f6 21. g4
Ne5 1/2-1/2

[Event "4NCL 2012-13"]
[Site "Staverton ENG"]
[Date "2013.02.24"]
[Round "6.146"]
[White "Tavares, Shawn P"]
[Black "Varnam, Liam D"]
[Result "1-0"]
[WhiteElo "2168"]
[BlackElo "2140"]
[WhiteTeam "BCM"]
[BlackTeam "Sambuca Sharks & Sons of Anarchy"]
[WhiteFideId "7700016"]
[BlackFideId "410950"]
[EventDate "2012.11.03"]

1. d4 d5 2. Bf4 Nf6 3. e3 c5 4. c3 Nc6 5. Nf3 e6 6. Nbd2 Qb6 7. Rb1 a5 8. a4 Be7
9. Bb5 O-O 10. Ne5 cxd4 11. exd4 Nxe5 12. dxe5 Nd7 13. O-O f6 14. exf6 Bxf6 15.
Qg4 Rf7 16. Qg3 e5 17. Be3 Qe6 18. Rbe1 Nf8 19. c4 Qe7 20. cxd5 Ng6 21. Ne4 Bh4
22. Bc5 Qd8 23. Qb3 Nf4 24. Bc4 Kh8 25. Bb6 Qd7 26. Ng3 Qd6 27. Qe3 Nxd5 28.
Qxe5 Bxg3 29. hxg3 Qxe5 30. Rxe5 Re7 31. Rxd5 Be6 32. Re5 1-0

[Event "4NCL 2012-13"]
[Site "Staverton ENG"]
[Date "2013.02.24"]
[Round "6.147"]
[White "Murphy, Hugh W"]
[Black "Yurenok, Maria S"]
[Result "1-0"]
[BlackTitle "WFM"]
[WhiteElo "2152"]
[BlackElo "2041"]
[WhiteTeam "Sambuca Sharks & Sons of Anarchy"]
[BlackTeam "BCM"]
[WhiteFideId "422444"]
[BlackFideId "409359"]
[EventDate "2012.11.03"]

1. e4 c5 2. b3 Nc6 3. Bb2 b6 4. f4 Bb7 5. Nc3 e6 6. Nf3 Nd4 7. Bd3 Nf6 8. O-O a6
9. Qe1 d6 10. Qf2 Nxf3+ 11. Qxf3 Qc7 12. Qe2 h5 13. a4 Rh6 14. f5 e5 15. Bc4 Be7
16. d3 Bc6 17. Bc1 Rh7 18. Rf3 Qb7 19. Bg5 Rb8 20. Bxf6 Bxf6 21. Bd5 Bxd5 22.
Nxd5 Kd7 23. b4 Qc8 24. Kh1 Qh8 25. Rff1 a5 26. bxa5 bxa5 27. Rfb1 Qd8 28. Qe1
Rb4 29. Nxb4 cxb4 30. c3 bxc3 31. Qxc3 1-0

[Event "4NCL 2012-13"]
[Site "Staverton ENG"]
[Date "2013.02.24"]
[Round "6.148"]
[White "Claridge-Hansen, William"]
[Black "Kourtseva, Julie"]
[Result "1-0"]
[WhiteElo "1803"]
[BlackElo "1756"]
[WhiteTeam "BCM"]
[BlackTeam "Sambuca Sharks & Sons of Anarchy"]
[WhiteFideId "422509"]
[BlackFideId "418749"]
[EventDate "2012.11.03"]

1. c4 c6 2. g3 d5 3. d4 Nf6 4. Bg2 e6 5. Nf3 Bd6 6. O-O O-O 7. Nc3 Nbd7 8. Nd2
Re8 9. e4 dxe4 10. Ndxe4 Nxe4 11. Nxe4 Be7 12. Bf4 Nf6 13. Nc3 Qb6 14. Qd2 Bd7
15. Rad1 Rad8 16. Rfe1 c5 17. d5 exd5 18. Nxd5 Nxd5 19. cxd5 Bg4 20. f3 Be6 21.
d6 Bf6 22. Be5 Bxe5 23. Rxe5 Bxa2 24. Rxe8+ Rxe8 25. Bh3 Be6 26. Re1 Qd8 27.
Bxe6 Rxe6 28. Rxe6 fxe6 29. d7 Kf7 30. Qd6 b6 31. f4 a6 32. g4 g6 33. Kg2 h5 34.
h3 hxg4 35. hxg4 b5 36. Kf3 Qa8+ 37. Ke3 Qd8 38. b3 g5 39. fxg5 Qxg5+ 40. Kf3
Qd8 41. g5 a5 42. Ke2 a4 43. bxa4 bxa4 44. g6+ Kf6 45. Kd3 a3 46. Kc3 a2 47. Kb2
a1=Q+ 48. Kxa1 Qa5+ 49. Kb2 Qb4+ 50. Kc2 Qa4+ 51. Kd2 Qb4+ 52. Ke3 Qc3+ 53. Kf4
Qc1+ 54. Kg4 Qg1+ 55. Qg3 1-0

[Event "4NCL 2012-13"]
[Site "Staverton ENG"]
[Date "2013.02.23"]
[Round "5.151"]
[White "Hunt, Harriet V"]
[Black "Edouard, Romain"]
[Result "0-1"]
[WhiteTitle "IM"]
[BlackTitle "GM"]
[WhiteElo "2450"]
[BlackElo "2688"]
[WhiteTeam "Blackthorne Russia"]
[BlackTeam "Guildford"]
[WhiteFideId "403512"]
[BlackFideId "633429"]
[EventDate "2012.11.03"]

1. e4 c5 2. Nf3 d6 3. d4 cxd4 4. Nxd4 Nf6 5. Nc3 a6 6. Be2 e5 7. Nb3 Be7 8. O-O
O-O 9. Kh1 b6 10. Be3 Bb7 11. f3 b5 12. a4 b4 13. Nd5 Nxd5 14. exd5 Nd7 15. c4
bxc3 16. bxc3 Bg5 17. Bf2 Qc7 18. c4 Rab8 19. a5 Ba8 20. Rb1 Rb4 21. Be1 Rb7 22.
Bc3 Rfb8 23. Qc2 Be3 24. Bd3 g6 25. Rfe1 Ba7 26. Bd2 f5 27. g4 fxg4 28. Bxg6 Nf6
29. Qf5 hxg6 30. Qxf6 Qf7 31. Qxf7+ Kxf7 32. Be3 Rxb3 33. Rxb3 Rxb3 34. Bxa7
gxf3 35. Kg1 Kf6 36. Re3 Rb1+ 37. Kf2 Rb2+ 38. Kxf3 Rc2 39. Bb8 Ke7 40. Re4 Rxh2
41. Rg4 Rh8 42. Ba7 Kf6 43. Be3 Rh5 44. Ke4 Bb7 45. Bb6 Rh8 46. Be3 Rh3 47. Kd3
Bc8 48. Rg2 Bf5+ 49. Kd2 Rh1 50. Kc3 Rh3 51. Kb2 Kf7 52. Rf2 Rh1 53. Kc3 Ra1 54.
Kb4 Re1 55. Bd2 Rh1 56. Be3 Rh3 57. Bb6 Ke7 58. Rd2 e4 59. c5 Rd3 60. Rxd3 exd3
61. Kc3 g5 62. c6 g4 63. Bf2 Kd8 64. Bg3 Kc7 65. Bf2 Be4 66. Bb6+ Kc8 67. Bf2
Bxd5 68. Kxd3 Kc7 69. Kd4 Kxc6 70. Bg3 Bf7 71. Bf4 d5 72. Bg3 Kb5 73. Be1 Bg8
74. Kd3 Bh7+ 75. Ke3 Bc2 76. Kf4 Bd1 77. Ke5 Kc4 78. Bf2 Be2 79. Bg1 g3 80. Bd4
g2 81. Bg1 Bf3 82. Kf4 Be4 83. Ke5 Kc3 84. Kf4 d4 0-1

[Event "4NCL 2012-13"]
[Site "Staverton ENG"]
[Date "2013.02.23"]
[Round "5.152"]
[White "Van Kampen, Robin"]
[Black "Ledger, Andrew J"]
[Result "1-0"]
[WhiteTitle "GM"]
[BlackTitle "IM"]
[WhiteElo "2574"]
[BlackElo "2402"]
[WhiteTeam "Guildford"]
[BlackTeam "Blackthorne Russia"]
[WhiteFideId "1020854"]
[BlackFideId "400610"]
[EventDate "2012.11.03"]

1. e4 c6 2. d4 d5 3. e5 Bf5 4. Nf3 e6 5. Be2 Nd7 6. O-O Ne7 7. c3 h6 8. Nbd2 Bh7
9. Nb3 Ng6 10. Be3 Be7 11. Bd3 O-O 12. Qb1 Qc7 13. Nc1 c5 14. Ne2 Rfc8 15. Ne1
b5 16. f4 c4 17. Bc2 Qb6 18. g4 Ngf8 19. Ng2 f6 20. Ng3 b4 21. Nh5 Bxc2 22. Qxc2
g6 23. exf6 Bxf6 24. Ng3 bxc3 25. bxc3 Rab8 26. Rf2 Qd8 27. f5 exf5 28. Bxh6
fxg4 29. Raf1 Bg7 30. Bxg7 Kxg7 31. Qd2 Qe7 32. Ne3 Qe6 33. Nxg4 Rc6 34. Qg5
Rcb6 35. Nf5+ Kf7 36. Ngh6+ Ke8 37. Ng7# 1-0

[Event "4NCL 2012-13"]
[Site "Staverton ENG"]
[Date "2013.02.23"]
[Round "5.153"]
[White "Ansell, Simon T"]
[Black "Hebden, Mark L"]
[Result "0-1"]
[WhiteTitle "IM"]
[BlackTitle "GM"]
[WhiteElo "2377"]
[BlackElo "2540"]
[WhiteTeam "Blackthorne Russia"]
[BlackTeam "Guildford"]
[WhiteFideId "402141"]
[BlackFideId "400084"]
[EventDate "2012.11.03"]

1. e4 e5 2. Nf3 Nc6 3. Bb5 a6 4. Ba4 Nf6 5. d3 d6 6. c3 g6 7. Nbd2 Bg7 8. Nf1
O-O 9. Ng3 d5 10. O-O Re8 11. h3 b5 12. Bc2 a5 13. a4 b4 14. Re1 Rb8 15. Nd2 Be6
16. Bb3 Bf8 17. Ba2 bxc3 18. bxc3 d4 19. Bxe6 Rxe6 20. c4 Nd7 21. Nb3 Bb4 22.
Rf1 Qh4 23. Rb1 Rf8 24. Bd2 f5 25. Bxb4 axb4 26. Qf3 f4 27. Ne2 Qe7 28. Ra1 g5
29. a5 Rg6 30. a6 Na7 31. Ra5 Nf6 32. Nexd4 exd4 33. Nxd4 c5 34. Nf5 Qc7 35.
Raa1 Nc6 36. Qe2 g4 37. hxg4 Nxg4 38. Qf3 Nce5 39. Qh3 Qa7 40. f3 Ne3 41. Nxe3
fxe3 42. f4 e2 0-1

[Event "4NCL 2012-13"]
[Site "Staverton ENG"]
[Date "2013.02.23"]
[Round "5.154"]
[White "Stefanova, Antoaneta"]
[Black "Bates, Richard A"]
[Result "1/2-1/2"]
[WhiteTitle "GM"]
[BlackTitle "IM"]
[WhiteElo "2491"]
[BlackElo "2370"]
[WhiteTeam "Guildford"]
[BlackTeam "Blackthorne Russia"]
[WhiteFideId "2902257"]
[BlackFideId "403555"]
[EventDate "2012.11.03"]

1. d4 Nf6 2. Nf3 g6 3. g3 Bg7 4. Bg2 O-O 5. O-O d6 6. a4 a5 7. Nc3 Nc6 8. Nb5
Nb4 9. c3 Na6 10. Re1 c6 11. Na3 Ne4 12. Nh4 d5 13. f3 Nf6 14. e4 dxe4 15. fxe4
e5 16. dxe5 Qxd1 17. Rxd1 Ng4 18. Nc4 Be6 19. Nxa5 Nc5 20. b4 Bxe5 21. Ra3 Rfd8
22. Rf1 Rd3 23. Nxc6 bxc6 24. bxc5 Rxc3 25. Rxc3 Bxc3 26. h3 Bd4+ 27. Kh1 Ne3
28. Bxe3 Bxe3 29. Ra1 Bd4 30. Rc1 Rxa4 31. Nf3 Ra1 32. Rxa1 Bxa1 33. Ne1 Bd4 34.
Nd3 Bc4 35. Nb4 Bb5 36. e5 Bxc5 37. Nxc6 Kf8 38. Bd5 Ke8 39. Kg2 Kd7 40. Na5 Bb4
41. Nb7 Ba6 42. Kf3 Bxb7 1/2-1/2

[Event "4NCL 2012-13"]
[Site "Staverton ENG"]
[Date "2013.02.23"]
[Round "5.155"]
[White "Webb, Laurence E"]
[Black "Smerdon, David"]
[Result "1/2-1/2"]
[WhiteTitle "FM"]
[BlackTitle "GM"]
[WhiteElo "2285"]
[BlackElo "2498"]
[WhiteTeam "Blackthorne Russia"]
[BlackTeam "Guildford"]
[WhiteFideId "402389"]
[BlackFideId "3202305"]
[EventDate "2012.11.03"]

1. e4 d5 2. exd5 Nf6 3. c4 e6 4. dxe6 Bxe6 5. Nf3 Qe7 6. Qe2 Nc6 7. d4 O-O-O 8.
d5 Qb4+ 9. Nc3 Bf5 10. a3 Qb3 11. dxc6 Bc5 12. cxb7+ Qxb7 13. Nd5 Ng4 14. Be3
Nxe3 15. fxe3 Qb3 16. Rd1 Rhe8 17. Nd4 Bxd4 18. Rxd4 c6 19. Kf2 Re5 20. Qd2 cxd5
21. cxd5 Rdxd5 22. Ba6+ Kc7 23. Rc1+ Rc5 24. Rb4 Qe6 25. Rbc4 Rxc4 26. Rxc4+ Kb6
27. Qe2 Be4 28. Rb4+ Kc7 29. Qc4+ Qxc4 30. Bxc4 Rf5+ 31. Kg3 Bc6 32. h4 a5 33.
Rb3 f6 34. Rc3 Kd6 35. Bd3 Re5 36. Bxh7 f5 37. Bg8 Re4 38. Rd3+ Kc5 39. Rc3+ Kd6
40. Rd3+ Kc5 41. Rc3+ 1/2-1/2

[Event "4NCL 2012-13"]
[Site "Staverton ENG"]
[Date "2013.02.23"]
[Round "5.156"]
[White "Flear, Glenn C"]
[Black "Ledger, Dave J"]
[Result "1/2-1/2"]
[WhiteTitle "GM"]
[BlackTitle "FM"]
[WhiteElo "2479"]
[BlackElo "2268"]
[WhiteTeam "Guildford"]
[BlackTeam "Blackthorne Russia"]
[WhiteFideId "400165"]
[BlackFideId "401986"]
[EventDate "2012.11.03"]

1. d4 Nf6 2. c4 g6 3. Nc3 Bg7 4. e4 d6 5. f4 O-O 6. Nf3 c5 7. dxc5 Qa5 8. Bd3
Qxc5 9. Qe2 Bg4 10. Be3 Qc8 11. O-O Nc6 12. Rac1 Nd7 13. Qf2 b6 14. Rfd1 Nc5 15.
Bb1 f5 16. h3 Bh5 17. exf5 gxf5 18. Rd5 Nb4 19. g4 Bxc3 20. Rxf5 Nbd3 21. Rxf8+
Qxf8 22. Qh4 Bg6 23. Rxc3 Nxf4 24. Bxf4 Qxf4 25. Bxg6 hxg6 26. Ng5 Qd4+ 27. Kh1
Qd1+ 28. Kg2 Qd2+ 29. Kh1 Qd1+ 1/2-1/2

[Event "4NCL 2012-13"]
[Site "Staverton ENG"]
[Date "2013.02.23"]
[Round "5.157"]
[White "Eames, Robert S"]
[Black "Cherniaev, Alexander"]
[Result "0-1"]
[WhiteTitle "FM"]
[BlackTitle "GM"]
[WhiteElo "2263"]
[BlackElo "2460"]
[WhiteTeam "Blackthorne Russia"]
[BlackTeam "Guildford"]
[WhiteFideId "408743"]
[BlackFideId "4117301"]
[EventDate "2012.11.03"]

1. d4 Nf6 2. c4 d6 3. Nc3 e5 4. dxe5 dxe5 5. Qxd8+ Kxd8 6. Bg5 c6 7. O-O-O+ Kc7
8. f4 h6 9. Bxf6 gxf6 10. fxe5 fxe5 11. Nf3 Bg7 12. g3 Be6 13. e4 Nd7 14. Be2 a5
15. Nh4 Bf8 16. a3 a4 17. Rhf1 Bc5 18. Nf5 Rh7 19. Nb1 Bb6 20. Nd2 Nc5 21. Kc2
Rd8 22. g4 Rg8 23. h3 Kb8 24. Ng3 Rhh8 25. Nf3 Bc7 26. Nh4 Nb3 27. Nhf5 Bb6 28.
Bf3 Bxc4 29. Rh1 Nd4+ 30. Nxd4 exd4 31. Nf5 Rd8 32. Kb1 Bb3 33. Rc1 Bc7 34. Bd1
Bf4 35. Rc5 Rhe8 36. Bxb3 axb3 37. Re1 d3 38. Rc3 Rxe4 39. Rd1 d2 40. Rxb3 Re1
41. Kc2 Rxd1 42. Kxd1 Re8 0-1

[Event "4NCL 2012-13"]
[Site "Staverton ENG"]
[Date "2013.02.23"]
[Round "5.158"]
[White "Sarakauskas, Gediminas"]
[Black "Ledger, Stephen C"]
[Result "1-0"]
[WhiteTitle "IM"]
[WhiteElo "2408"]
[BlackElo "2088"]
[WhiteTeam "Guildford"]
[BlackTeam "Blackthorne Russia"]
[WhiteFideId "12800724"]
[BlackFideId "404470"]
[EventDate "2012.11.03"]

1. d4 Nf6 2. Nf3 d5 3. c4 e6 4. g3 Be7 5. Bg2 O-O 6. O-O Nbd7 7. Nc3 c6 8. Bg5
Re8 9. Re1 Nf8 10. Qc2 h6 11. Bxf6 Bxf6 12. e4 dxe4 13. Qxe4 Bd7 14. Ne5 Qb6 15.
Na4 Qc7 16. Nc5 Rad8 17. Qf4 Bxe5 18. Qxe5 Qxe5 19. dxe5 Bc8 20. Rad1 Nd7 21.
Ne4 Nxe5 22. Nd6 Rxd6 23. Rxd6 Nxc4 24. Rd4 Nb6 25. a4 Kf8 26. f4 g6 27. Kf2 Nd5
28. a5 Bd7 29. Rd3 b6 30. Bxd5 exd5 31. Rxe8+ Kxe8 32. Rb3 bxa5 33. Ra3 Ke7 34.
Rxa5 h5 35. Ke3 Kd6 36. b4 Bg4 37. Kd4 Bf5 38. Rxa7 Be6 39. Rb7 Bd7 40. f5 gxf5
41. Rb8 f4 42. gxf4 1-0

[Event "4NCL 2012-13"]
[Site "Staverton ENG"]
[Date "2013.02.23"]
[Round "5.161"]
[White "Wells, Peter K"]
[Black "Emms, John M"]
[Result "1/2-1/2"]
[WhiteTitle "GM"]
[BlackTitle "GM"]
[WhiteElo "2488"]
[BlackElo "2483"]
[WhiteTeam "White Rose"]
[BlackTeam "Wood Green, Hilsmark Kingfisher"]
[WhiteFideId "400327"]
[BlackFideId "400254"]
[EventDate "2012.11.03"]

1. d4 Nf6 2. c4 e6 3. Nf3 Bb4+ 4. Bd2 a5 5. Nc3 b6 6. e3 Bb7 7. Bd3 O-O 8. O-O
d6 9. Re1 Nbd7 10. e4 e5 11. d5 Nc5 12. Bc2 Bc8 13. h3 h6 14. a3 Bxc3 15. Bxc3
a4 16. Nd2 Nh7 17. f4 exf4 18. e5 Bd7 19. Qf3 Qh4 20. exd6 cxd6 21. Bxh7+ Kxh7
22. Ne4 Rad8 23. Nxc5 bxc5 24. Re4 Qg3 25. Rxf4 Qxf3 26. Rxf3 Rde8 27. Re1 f6
28. Rfe3 Rxe3 29. Rxe3 Re8 30. Rxe8 Bxe8 31. Ba5 Bg6 32. Bc7 Bd3 33. Bxd6 Bxc4
34. Bxc5 Bxd5 35. g3 g5 36. Kf2 Kg6 37. h4 Kf5 38. hxg5 fxg5 39. Bf8 h5 40. Be7
Kg4 41. Bd8 h4 42. gxh4 gxh4 43. Be7 h3 44. Bd6 Bb7 1/2-1/2

[Event "4NCL 2012-13"]
[Site "Staverton ENG"]
[Date "2013.02.23"]
[Round "5.164"]
[White "Houska, Jovanka"]
[Black "Buckley, Simon T"]
[Result "0-1"]
[WhiteTitle "IM"]
[WhiteElo "2400"]
[BlackElo "2349"]
[WhiteTeam "Wood Green, Hilsmark Kingfisher"]
[BlackTeam "White Rose"]
[WhiteFideId "405094"]
[BlackFideId "407410"]
[EventDate "2012.11.03"]

1. d4 e6 2. c4 Nf6 3. Nf3 Bb4+ 4. Bd2 a5 5. g3 d5 6. Bg2 O-O 7. Qc2 Nbd7 8. O-O
Qe7 9. Bf4 Bd6 10. Nbd2 Bxf4 11. gxf4 c6 12. Ne5 Ne8 13. e3 Nd6 14. Kh1 Kh8 15.
Rg1 f6 16. Nd3 e5 17. dxe5 fxe5 18. cxd5 e4 19. Ne5 cxd5 20. Nxd7 Bxd7 21. Nb3
Rf6 22. Bf1 Rh6 23. Rg5 Nf7 24. Rg3 Qh4 25. h3 Rg6 26. Qc7 Bxh3 27. Rxg6 Bxf1+
28. Kg1 hxg6 29. Qxf7 Be2 30. Nd4 Qg4+ 31. Kh2 Bf3 0-1

[Event "4NCL 2012-13"]
[Site "Staverton ENG"]
[Date "2013.02.23"]
[Round "5.165"]
[White "Croad, Nicolas"]
[Black "Greet, Andrew N"]
[Result "1/2-1/2"]
[WhiteTitle "FM"]
[BlackTitle "IM"]
[WhiteElo "2282"]
[BlackElo "2438"]
[WhiteTeam "White Rose"]
[BlackTeam "Wood Green, Hilsmark Kingfisher"]
[WhiteFideId "4300793"]
[BlackFideId "405817"]
[EventDate "2012.11.03"]

1. d4 Nf6 2. c4 e6 3. Nf3 b6 4. g3 Ba6 5. Qc2 Bb4+ 6. Bd2 Be7 7. e4 d5 8. cxd5
Bxf1 9. Kxf1 exd5 10. e5 Ne4 11. Nc3 Nxc3 12. bxc3 c5 13. h4 Nc6 14. Bg5 h6 15.
Bxe7 Qxe7 16. c4 Qe6 17. Rd1 Rd8 18. dxc5 bxc5 19. cxd5 Rxd5 20. Kg2 O-O 21. Qe4
Rfd8 22. Rxd5 Qxd5 23. Re1 Qxe4 24. Rxe4 Kf8 25. Ra4 Ke7 26. Ra6 Rc8 27. Nd2 Ke6
28. f4 Kd5 29. Kf2 h5 30. Ke3 f6 31. exf6 gxf6 32. Nb1 Re8+ 33. Kd2 c4 34. Ra3
Rb8 35. Nc3+ Kd4 36. Ne2+ Kc5 37. Kc1 Re8 38. Kd2 a5 39. Re3 Rxe3 40. Kxe3 f5
41. g4 fxg4 42. Ke4 Nb4 43. f5 Kd6 44. Kd4 Nxa2 45. Kxc4 Ke5 46. Ng3 Nc1 47.
Nxh5 Kxf5 48. Ng3+ Kg6 49. Kb5 Nb3 50. Ka4 Nd4 51. Kxa5 Nf5 52. h5+ Kf6 53. Nf1
Kg5 54. Kb5 Kxh5 55. Kc4 Kg5 56. Kd3 Kf4 57. Kd2 Nd6 58. Ke2 Ne4 59. Ne3 g3 60.
Ng2+ Kg4 61. Ke3 Nf6 62. Ke2 Nd5 63. Kf1 Nc3 64. Kg1 Ne2+ 65. Kf1 Kh3 66. Ne3
Nd4 67. Kg1 Nf3+ 68. Kh1 Ne5 69. Kg1 Ng4 70. Nxg4 Kxg4 71. Kg2 Kf4 72. Kg1 Kf3
73. Kf1 g2+ 74. Kg1 Kg3 1/2-1/2

[Event "4NCL 2012-13"]
[Site "Staverton ENG"]
[Date "2013.02.23"]
[Round "5.166"]
[White "Pein, Malcolm"]
[Black "Townsend, M Paul"]
[Result "1/2-1/2"]
[WhiteTitle "IM"]
[WhiteElo "2376"]
[BlackElo "2234"]
[WhiteTeam "Wood Green, Hilsmark Kingfisher"]
[BlackTeam "White Rose"]
[WhiteFideId "400289"]
[BlackFideId "402320"]
[EventDate "2012.11.03"]

1. Nf3 Nf6 2. d4 e6 3. g3 d5 4. Bg2 Be7 5. O-O O-O 6. c4 Nbd7 7. Qc2 c6 8. Nbd2
b6 9. e4 Bb7 10. b3 Rc8 11. Bb2 Qc7 12. Rfe1 Rfd8 13. Rad1 Qb8 14. Qb1 Qa8 15.
e5 Ne8 16. cxd5 cxd5 17. Nf1 a5 18. Bc1 Nf8 19. Bg5 Rd7 20. Bxe7 Rxe7 21. Ne3
Nc7 22. a4 Na6 23. Qd3 Nb4 24. Qd2 Ba6 25. Bf1 Bxf1 26. Rxf1 Rec7 27. Rc1 Rxc1
28. Rxc1 Rxc1+ 29. Qxc1 Qc6 30. Qxc6 1/2-1/2